| 000 | 00417nam a2200157 a 4500 | ||
|---|---|---|---|
| 001 | 3373 | ||
| 003 | CDMR | ||
| 005 | 20130909123513.0 | ||
| 008 | 130130s1999||||||||||||||||||||||||||||d | ||
| 040 |
_aCDMR _bcat _cCPC GIRONA |
||
| 100 | 1 |
_aSantirso, Manuel _92432 |
|
| 245 | 1 | 0 |
_aRevolució liberal i Guerra Civil a Catalunya (1833-1840) _cSantirso, Manuel |
| 260 |
_c1999 _bPagès |
||
| 490 | 0 | _aSeminari | |
| 942 |
_cMON _2udc |
||
| 999 |
_c3373 _d3373 |
||